000 00464nam a22001817a 4500
003 NUST - PNEC
005 20170116180957.0
008 150905b xxu||||| |||| 00| 0 eng d
020 _a0070728631
040 _cLIBRARY
082 _a621.381 ZBA
100 _97982
_aZbar, Paul B.
245 _aBasic electronics:A text lab manual
_cPaul B. Zbar
250 _a6th ed.
260 _cc.1990
650 _97984
_aElectronic Engineering
_xEE, EL
942 _2ddc
_cBK
999 _c66578
_d66578